000 00616nam a22002537a 4500
003 UA-OsUOA
001 28702
007 ta
008 20050422b un ||||| |||| 00| 0 ukr d
100 _aГончаров Т. В.
090 _a008(075.8)
_bГ65
942 _cBK
040 _aUA-OsUOA
_bukr
_cUA-OsUOA
_dUA-OsUOA
245 _aКультурололія
_bНавч. посіб.
300 _a213 с.
955 _a0
041 _aukr
080 _a008(075.8)
020 _a966-7952-19-3
260 _aТернопіль
_bКатр-бланш
_c2004
044 _aUA
650 7 _2UDC
999 _c315073
_d315073